[Event "Cto Aragón Equipos  Div Honor F. Titulo"]
[Site "Aragon"]
[Date "2014.03.22"]
[Round "9.12"]
[White "Jaques Burguete, Raul"]
[Black "Hernando Garcia, Antonio"]
[Result "0-1"]
[WhiteElo "2023"]
[BlackElo "2185"]
[PlyCount "70"]
[EventDate "2014.??.??"]
[WhiteTeam "St. Casablanca B"]
[BlackTeam "El Olivar"]

1. e4 d5 2. exd5 Qxd5 3. Nc3 Qd8 4. Bc4 c6 5. d4 Bf5 6. Nf3 e6 7. O-O Nd7 8.
Ne2 Be7 9. c3 Ngf6 10. Ng3 Bg6 11. Re1 Nd5 12. Bb3 O-O 13. c4 N5b6 14. Bf4 c5
15. Ne5 Nxe5 16. dxe5 Qxd1 17. Raxd1 Rfd8 18. Ne4 Rxd1 19. Bxd1 Nxc4 20. b3 Nb6
21. Nd6 Nd5 22. Bg3 b6 23. Bf3 Rd8 24. Nb5 a6 25. Nd6 Nb4 26. Nc4 b5 27. Na5
Rd2 28. a4 Nc2 29. Rc1 Nd4 30. axb5 axb5 31. Bf4 Rb2 32. Nc6 Nxc6 33. Bxc6 Rxb3
34. Be3 b4 35. f3 Rb1 0-1

[Event "Cto Aragón Equipos  Div Honor F. Titulo"]
[Site "Aragon"]
[Date "2014.03.22"]
[Round "9.13"]
[White "Lana Rodriguez, David"]
[Black "Garcia Vicente, Nieves"]
[Result "1/2-1/2"]
[WhiteElo "2309"]
[BlackElo "2239"]
[PlyCount "153"]
[EventDate "2014.??.??"]
[WhiteTeam "Helios"]
[BlackTeam "Caissa-Hnos Cortes"]

1. e4 e5 2. Qh5 Nc6 3. Bc4 g6 4. Qf3 Nf6 5. Ne2 Bg7 6. h3 Na5 7. b3 Nxc4 8.
bxc4 d6 9. Nbc3 O-O 10. Rb1 Ne8 11. g4 c6 12. Ng3 Nc7 13. Ba3 Ne6 14. Qd3 Nc5
15. Qe3 b6 16. d3 Ne6 17. Nce2 Nd4 18. Nxd4 exd4 19. Qd2 Re8 20. f3 d5 21. cxd5
Qxd5 22. O-O Qxa2 23. Ra1 Qe6 24. f4 c5 25. Qg2 Bd7 26. Bc1 Qe7 27. Bd2 a5 28.
Rfb1 Ra6 29. e5 a4 30. Qb7 Bc8 31. Qc6 Bd7 32. Qd5 Qe6 33. Qb7 Bc8 34. Qc7 Qd7
35. Qxd7 Bxd7 36. Ne4 Bc6 37. Nd6 Rea8 38. c4 dxc3 39. Bxc3 Bd5 40. Nb5 Rc8 41.
Ra3 Bf8 42. Nd6 Rd8 43. Nb5 Rc8 44. Kf2 Bc6 45. Raa1 Be7 46. Ke3 Bxb5 47. Rxb5
a3 48. Ra2 Rca8 49. Bd2 Kf8 50. Bc1 Ke8 51. Rb3 c4 52. dxc4 Ra4 53. Rc3 Bb4 54.
Rcc2 Rd8 55. Bd2 Bxd2+ 56. Rxd2 Rxd2 57. Kxd2 Rxc4 58. Rxa3 Rxf4 59. Rb3 Re4
60. Rxb6 Rxe5 61. Rb7 h5 62. Kd3 Kf8 63. Kd4 Ra5 64. Ke4 Ra4+ 65. Kf3 Ra3+ 66.
Kg2 h4 67. Rc7 Ra2+ 68. Kg1 Kg7 69. Kh1 Rf2 (69... Kf6 70. g5+ Kg7 71. Rc4) 70.
Rc6 Kh6 71. Rc5 f5 72. gxf5 Rxf5 73. Rc4 Kh5 74. Kg2 Rg5+ 75. Kh2 Rg3 76. Rc5+
Kh6 77. Rc8 1/2-1/2

[Event "Cto Aragón Equipos  Div Honor F. Titulo"]
[Site "Aragon"]
[Date "2014.03.22"]
[Round "9.14"]
[White "Gil Capape, Marco Antonio"]
[Black "Guzman Moneo, Alberto"]
[Result "0-1"]
[WhiteElo "2061"]
[BlackElo "2170"]
[PlyCount "70"]
[EventDate "2014.??.??"]
[WhiteTeam "Caissa-Hnos Cortes"]
[BlackTeam "Helios"]

1. e4 e5 2. Nf3 Nc6 3. Bc4 Bc5 4. c3 Nf6 5. d4 exd4 6. cxd4 Bb4+ 7. Bd2 Nxe4 8.
Bxb4 Nxb4 9. Bxf7+ Kxf7 10. Qb3+ d5 11. Ne5+ Ke6 12. Qxb4 Qf8 13. Qxf8 Rxf8 14.
f3 c5 15. fxe4 dxe4 16. Nc4 cxd4 17. Nbd2 Kd5 18. b3 Bg4 19. h3 Bh5 20. Rf1 b5
21. Nb2 Rxf1+ 22. Nxf1 Rc8 23. g4 Bg6 24. Nd1 Ke5 25. a4 b4 26. a5 Be8 27. a6
Kf4 28. Ra5 e3 29. Ke2 Bg6 30. Ndxe3 dxe3 31. Rb5 Rc2+ 32. Ke1 Kf3 33. Nxe3
Kxe3 34. Re5+ Be4 35. Kd1 Rb2 0-1

[Event "Cto Aragón Equipos  Div Honor F. Titulo"]
[Site "Aragon"]
[Date "2014.03.22"]
[Round "9.15"]
[White "Navarro Alonso, Jorge"]
[Black "Carraminana Lopez, Luis Antoni"]
[Result "1/2-1/2"]
[WhiteElo "2153"]
[BlackElo "2009"]
[PlyCount "33"]
[EventDate "2014.??.??"]
[WhiteTeam "Helios"]
[BlackTeam "Caissa-Hnos Cortes"]

1. e4 c6 2. d4 d5 3. exd5 cxd5 4. Nf3 Nf6 5. Ne5 e6 6. Bd3 Bd6 7. c3 Nc6 8. f4
O-O 9. O-O Qe7 10. Nd2 Nd7 11. Rf3 f5 12. Rh3 Nf6 13. Ndf3 Bd7 14. Bd2 Be8 15.
Qe2 Bh5 16. Re1 Rae8 17. Qf2 1/2-1/2

[Event "Cto Aragón Equipos  Div Honor F. Titulo"]
[Site "Aragon"]
[Date "2014.03.22"]
[Round "9.16"]
[White "Garcia Lopez, Alberto Jose"]
[Black "Cerrajeria Ruiz, Jesus Maria"]
[Result "0-1"]
[WhiteElo "1956"]
[BlackElo "2140"]
[PlyCount "34"]
[EventDate "2014.??.??"]
[WhiteTeam "Caissa-Hnos Cortes"]
[BlackTeam "Helios"]

1. Nf3 g6 2. d4 Nf6 3. c4 c5 4. d5 b5 5. cxb5 a6 6. Nc3 axb5 7. Nxb5 Qa5+ 8.
Nc3 d6 9. Bd2 Bg7 10. e4 O-O 11. Bd3 Ba6 12. Bxa6 Qxa6 13. Qe2 Nbd7 14. O-O
Qxe2 15. Nxe2 Nxe4 16. Nc3 Nxd2 17. Nxd2 Rfb8 0-1

[Event "Cto Aragón Equipos Div.  Honor F. Desce"]
[Site "Aragon"]
[Date "2014.03.22"]
[Round "9.17"]
[White "Salamero Pelay, Fernando"]
[Black "Hefty, Jorge W"]
[Result "1/2-1/2"]
[WhiteElo "2149"]
[BlackElo "2342"]
[PlyCount "78"]
[EventDate "2014.??.??"]
[WhiteTeam "Club atletismo Huesca"]
[BlackTeam "IberCaja"]

1. e4 c5 2. Nf3 e6 3. d4 cxd4 4. Nxd4 a6 5. Bd3 Nf6 6. O-O d6 7. Kh1 Qc7 8. f4
Nbd7 9. Nc3 b5 10. e5 dxe5 11. fxe5 Qxe5 12. Nf5 Bb7 13. Bf4 Qc5 14. Qe2 O-O-O
15. Be3 Qe5 16. Bxb5 axb5 17. Nxb5 Bxg2+ 18. Kxg2 exf5 19. Rf3 Kb7 20. Rd1 Ng4
21. Kh1 Bc5 22. Qg2 Kb6 23. Rd6+ Qxd6 24. Nxd6 Nxe3 25. Rxe3 Bxe3 26. Qb7+ Kc5
27. Qc7+ Kd5 28. Nxf7 Bb6 29. Qd6+ Ke4 30. Nxh8 Ne5 31. Qxb6 Rd1+ 32. Kg2 Rd2+
33. Kf1 Nf3 34. Qb4+ Ke3 35. Qc3+ Ke4 36. Qb4+ Ke3 37. Qc3+ Ke4 38. Qc6+ Ke3
39. Qc3+ Ke4 1/2-1/2

[Event "Cto Aragón Equipos Div.  Honor F. Desce"]
[Site "Aragon"]
[Date "2014.03.22"]
[Round "9.18"]
[White "Jimenez Fernandez, Alejandro"]
[Black "Gella Lopez, Angel"]
[Result "1-0"]
[WhiteElo "2003"]
[BlackElo "2084"]
[PlyCount "109"]
[EventDate "2014.??.??"]
[WhiteTeam "IberCaja"]
[BlackTeam "Club atletismo Huesca"]

1. d4 Nf6 2. Nf3 c5 3. d5 e6 4. c4 exd5 5. cxd5 d6 6. Nc3 g6 7. Nd2 Bg7 8. Nc4
O-O 9. g3 a6 10. a4 Qc7 11. Bf4 Ne8 12. Ne4 Be5 13. Bxe5 dxe5 14. d6 Qd8 15.
Nxc5 Nd7 16. Nxd7 Bxd7 17. Bg2 Rc8 18. b3 Bc6 19. O-O Bxg2 20. Kxg2 Rc5 21. a5
Nf6 22. Rc1 Qd7 23. Qd3 e4 24. Qd4 Rh5 25. h4 Rxh4 26. Rh1 Rxh1 27. Rxh1 Qe6
28. Rh4 Re8 29. Nb6 Rd8 30. Nc4 Re8 31. Rh1 Nd7 32. Rd1 f5 33. e3 Rc8 34. Qa7
Nc5 35. d7 Nxd7 36. Rd6 Qe8 37. Qxb7 Nc5 38. Qd5+ Qf7 39. Rd8+ Rxd8 40. Qxd8+
Qf8 41. Qd5+ Kg7 42. Qe5+ Kg8 43. Qd5+ Kg7 44. Ne5 Qe7 45. Nc6 Qf8 46. Nd4 Kh6
47. Ne6 Nxe6 48. Qxe6 Qa8 49. b4 Qb7 50. Qb6 Qc8 51. b5 axb5 52. Qxb5 f4 53.
exf4 Qc3 54. Qg5+ Kg7 55. Qe5+ 1-0

[Event "Cto Aragón Equipos Div.  Honor F. Desce"]
[Site "Aragon"]
[Date "2014.03.22"]
[Round "9.19"]
[White "Laplaza Ara, Carlos"]
[Black "Sanchez Castro, Roberto"]
[Result "1/2-1/2"]
[WhiteElo "1988"]
[BlackElo "2012"]
[PlyCount "102"]
[EventDate "2014.??.??"]
[WhiteTeam "Club atletismo Huesca"]
[BlackTeam "IberCaja"]

1. c4 Nf6 2. g3 g6 3. Bg2 Bg7 4. Nf3 d6 5. Nc3 O-O 6. O-O c6 7. d3 Nbd7 8. Qc2
e5 9. e4 Qe7 10. b4 Re8 11. Rb1 Nf8 12. b5 c5 13. a4 h6 14. Be3 g5 15. h3 Be6
16. Nh2 Ng6 17. Nd5 Bxd5 18. cxd5 Qd7 19. Rb2 Kh7 20. Qe2 Rg8 21. Ng4 Nxg4 22.
Qxg4 Qxg4 23. hxg4 Nf8 24. Bf3 Bf6 25. Kg2 Bd8 26. Bd2 Nd7 27. Ra1 Kg6 28. Be2
f6 29. a5 Be7 30. a6 b6 31. Be3 Raf8 32. Rh1 Rf7 33. Rbb1 Rh7 34. Rbc1 Bd8 35.
Rb1 Kf7 36. Rbc1 Ke8 37. Rh2 Be7 38. Rch1 Bf8 39. Rc1 Kd8 40. Rch1 Re7 41. Rc1
Bg7 42. Rhh1 Ree8 43. Rc2 Ke7 44. Rcc1 Rc8 45. Rc2 Ra8 46. Rcc1 Rgc8 47. Rc2
Nf8 48. Rcc1 Ng6 49. Rc2 Nh8 50. Rhc1 Kd8 51. Rh1 Nf7 1/2-1/2

[Event "Cto Aragón Equipos Div.  Honor F. Desce"]
[Site "Aragon"]
[Date "2014.03.22"]
[Round "9.20"]
[White "Garcia Monterde, Francisco Jos"]
[Black "Gomez Zazurca, Rodolfo"]
[Result "1/2-1/2"]
[WhiteElo "1986"]
[BlackElo "1762"]
[PlyCount "77"]
[EventDate "2014.??.??"]
[WhiteTeam "IberCaja"]
[BlackTeam "Club atletismo Huesca"]

1. c4 c6 2. Nf3 d5 3. b3 Nf6 4. Bb2 Bf5 5. g3 e6 6. Bg2 Bd6 7. O-O Nbd7 8. d3
Qe7 9. Nh4 Bg6 10. Nd2 O-O 11. Nxg6 hxg6 12. e4 dxe4 13. dxe4 Be5 14. Bxe5 Nxe5
15. Qc2 Rad8 16. Rad1 Qc5 17. Nf3 Nxf3+ 18. Bxf3 e5 19. Qc3 Rd4 20. Qe3 Rfd8
21. Kg2 Qa5 22. a4 c5 23. Rxd4 Rxd4 24. Rd1 Qd8 25. Rxd4 Qxd4 26. Qxd4 cxd4 27.
a5 Nd7 28. b4 Kf8 29. Bd1 b6 30. Ba4 Ke7 31. axb6 axb6 32. f3 g5 33. Kf2 Kd6
34. Ke2 Nb8 35. Bb5 Nc6 36. Bxc6 Kxc6 37. Kd3 Kd6 38. Kc2 g6 39. g4 1/2-1/2

[Event "Cto Aragón Equipos Div.  Honor F. Desce"]
[Site "Aragon"]
[Date "2014.03.22"]
[Round "9.21"]
[White "Ramon Perez, Jose Luis"]
[Black "Garcia Fernandez, Javier"]
[Result "1/2-1/2"]
[WhiteElo "2238"]
[BlackElo "2174"]
[PlyCount "127"]
[EventDate "2014.??.??"]
[WhiteTeam "Agrupacion"]
[BlackTeam "Teruel"]

1. e4 c5 2. Nf3 g6 3. c3 Bg7 4. d4 cxd4 5. cxd4 d5 6. exd5 Nf6 7. Nc3 O-O 8.
Bc4 Nbd7 9. O-O Nb6 10. Bb3 Nbxd5 11. Re1 Re8 12. Ne5 Be6 13. Qf3 Rc8 14. Bg5
a6 15. h3 Nxc3 16. Bxe6 fxe6 17. bxc3 b5 18. a4 b4 19. cxb4 Qxd4 20. Rad1 Qxb4
21. Nc6 Qc5 22. Rxe6 Qxg5 23. Re5 Qh4 24. Nxe7+ Kh8 25. Nxc8 Rxe5 26. Nd6 Re6
27. Qa8+ Ne8 28. Nxe8 Bf8 29. Nd6 Qe7 30. Nc4 Re1+ 31. Rxe1 Qxe1+ 32. Kh2 Qxf2
33. Qe4 Qf6 34. h4 Be7 35. Kh3 Kg7 36. Ne3 Kf7 37. Nd5 Qe6+ 38. Qxe6+ Kxe6 39.
Nxe7 Kxe7 40. Kg4 h6 41. h5 Kf6 42. a5 g5 43. Kf3 Ke5 44. Ke3 Kd5 45. Kd3 Ke5
46. Kc4 Kf4 47. Kc5 Kg3 48. Kb6 Kxg2 49. Kxa6 g4 50. Kb5 g3 51. a6 Kh3 52. a7
g2 53. a8=Q g1=Q 54. Kb4 Qe1+ 55. Kb3 Kh4 56. Ka2 Qe2+ 57. Kb1 Qd1+ 58. Kb2
Kxh5 59. Qe8+ Kh4 60. Qe7+ Kh5 61. Qe8+ Kg5 62. Qe3+ Kg6 63. Qe6+ Kg5 64. Qe3+
1/2-1/2

[Event "Cto Aragón Equipos Div.  Honor F. Desce"]
[Site "Aragon"]
[Date "2014.03.22"]
[Round "9.22"]
[White "Dominguez Bujeda, Jesus"]
[Black "Mimbela Lopez, Miguel A"]
[Result "0-1"]
[WhiteElo "2171"]
[BlackElo "2173"]
[PlyCount "60"]
[EventDate "2014.??.??"]
[WhiteTeam "Teruel"]
[BlackTeam "Agrupacion"]

1. d4 Nf6 2. c4 g6 3. Nc3 Bg7 4. e4 d6 5. f3 O-O 6. Bg5 a6 7. Nge2 c5 8. d5 b5
9. cxb5 Qa5 10. b6 Nbd7 11. Qd2 Qxb6 12. Ng3 Rb8 13. Rb1 Ne5 14. Be2 a5 15. Bb5
a4 16. O-O Ba6 17. Bxa6 Qxa6 18. Qc2 Rb4 19. a3 Rb3 20. Nge2 Ra8 21. Nc1 Rb7
22. Be3 Nfd7 23. Bf2 Nc4 24. Nxa4 Qxa4 25. b3 Qb5 26. a4 Na3 27. Qd2 Rxa4 28.
bxa4 Qxb1 29. a5 Qb5 30. Be1 Nc4 0-1

[Event "Cto Aragón Equipos Div.  Honor F. Desce"]
[Site "Aragon"]
[Date "2014.03.22"]
[Round "9.23"]
[White "Carruez Berges, Santiago"]
[Black "Martin Catalan, Juan Vicente"]
[Result "1-0"]
[WhiteElo "2144"]
[BlackElo "2102"]
[PlyCount "131"]
[EventDate "2014.??.??"]
[WhiteTeam "Agrupacion"]
[BlackTeam "Teruel"]

1. e4 c5 2. d4 cxd4 3. c3 g6 4. cxd4 Bg7 5. Nf3 d5 6. exd5 Nf6 7. Bb5+ Nbd7 8.
d6 O-O 9. dxe7 Qxe7+ 10. Be2 Re8 11. Nc3 Ne4 12. Nxe4 Qxe4 13. Be3 Nb6 14. Bd3
Qe7 15. O-O Nd5 16. Re1 Bg4 17. Bc4 Rad8 18. h3 Bxf3 19. Qxf3 Qe4 20. Qxe4 Rxe4
21. Bg5 Rxe1+ 22. Rxe1 f6 23. Bd2 Bf8 24. Bxd5+ Rxd5 25. Re8 Kf7 26. Rb8 Rd7
27. Kf1 Bd6 28. Ra8 a6 29. Ke2 Ke6 30. Kd3 Kd5 31. Re8 Be7 32. Bf4 Bd8 33. g4
Bb6 34. Be3 Bc7 35. h4 Bd6 36. Bd2 Bc7 37. Bc3 Bd6 38. Ba5 Bc7 39. Bb4 Bd6 40.
Bxd6 Kxd6 41. Ke4 Rf7 42. Kf4 Kd7 43. Rb8 Kc7 44. Rh8 Kd6 45. h5 f5 46. hxg6
hxg6 47. g5 Re7 48. Rd8+ Kc7 49. Rg8 Re4+ 50. Kf3 Rxd4 51. Rxg6 Rg4 52. Ke3 Rg2
53. Rg8 Kb6 54. g6 Kb5 55. g7 Kb4 56. Kf3 Rg4 57. Ke3 Re4+ 58. Kd3 Rg4 59. f3
Rg6 60. Ke3 Re6+ 61. Kf4 Re7 62. Kxf5 Rc7 63. Ke6 a5 64. f4 a4 65. f5 b5 66. f6
1-0

[Event "Cto Aragón Equipos Div.  Honor F. Desce"]
[Site "Aragon"]
[Date "2014.03.22"]
[Round "9.25"]
[White "Fernandez Rubio, Rafael"]
[Black "Cabrera Moreno, Daniel"]
[Result "1/2-1/2"]
[WhiteElo "2021"]
[BlackElo "2179"]
[PlyCount "45"]
[EventDate "2014.??.??"]
[WhiteTeam "Tauste"]
[BlackTeam "L´Aurora Estadilla"]

1. c4 Nf6 2. Nc3 e6 3. g3 d5 4. d4 Be7 5. Bg2 c6 6. Nf3 Nbd7 7. O-O O-O 8. b3
b6 9. Bb2 Bb7 10. Re1 Rc8 11. Nd2 c5 12. e3 Qc7 13. cxd5 Nxd5 14. Nb5 Qb8 15.
dxc5 Nxc5 16. Nc4 Rcd8 17. Be5 Qa8 18. Qg4 Nf6 19. Bxf6 Bxf6 20. Bxb7 Qxb7 21.
Rad1 a6 22. Nbd6 Qc6 23. b4 1/2-1/2

[Event "Cto Aragón Equipos Div.  Honor F. Desce"]
[Site "Aragon"]
[Date "2014.03.22"]
[Round "9.26"]
[White "Solano Lasierra, Javier"]
[Black "Sierra Aguerri, Joaquin"]
[Result "0-1"]
[WhiteElo "2181"]
[BlackElo "2018"]
[PlyCount "134"]
[EventDate "2014.??.??"]
[WhiteTeam "L´Aurora Estadilla"]
[BlackTeam "Tauste"]

1. c4 e5 2. Nc3 Nc6 3. g3 Nf6 4. Bg2 Bb4 5. Nd5 d6 6. Nxb4 Nxb4 7. d3 h6 8. Nf3
c5 9. O-O O-O 10. a3 Nc6 11. b4 cxb4 12. axb4 Nxb4 13. Ba3 Nc6 14. Rb1 Qc7 15.
Qb3 Rb8 16. Rfd1 Rd8 17. e3 Bf5 18. Rbc1 Na5 19. Qa4 b6 20. d4 Bd7 21. Qb4 Bc6
22. h3 Qb7 23. d5 Bd7 24. Nd2 Bf5 25. e4 Bh7 26. Re1 Qe7 27. Nb3 Nb7 28. Qa4
Nd7 29. Ra1 a5 30. f4 exf4 31. gxf4 Qh4 32. e5 dxe5 33. fxe5 b5 34. Qxb5 Nbc5
35. Nxc5 Rxb5 36. cxb5 Qd4+ 37. Kh1 Nxc5 38. Bxc5 Qxc5 39. Rxa5 Qb4 40. Raa1
Qxb5 41. e6 fxe6 42. dxe6 Bf5 43. e7 Re8 44. Rad1 Bd7 45. Rd5 Qb4 46. Re4 Qb7
47. Ree5 Bc6 48. Kh2 Qc7 49. Rc5 Rxe7 50. Bxc6 Kh8 51. Be4 Qxe5+ 52. Rxe5 Rxe5
53. Bf3 g5 54. Kg3 Kg7 55. Bd1 Re4 56. Bf3 Rf4 57. Bd1 Kf6 58. Be2 Rb4 59. Bd1
Rb1 60. Bc2 Rg1+ 61. Kf2 Ra1 62. Be4 Ke5 63. Bf3 Kf4 64. Bb7 Ra2+ 65. Kf1 Kg3
66. Bc8 Rf2+ 67. Ke1 Rh2 0-1

[Event "Cto Aragón Equipos Div.  Honor F. Desce"]
[Site "Aragon"]
[Date "2014.03.22"]
[Round "9.27"]
[White "Sancho Casale, Jesus"]
[Black "Pellicer Cemeli, Jose Luis"]
[Result "1-0"]
[WhiteElo "1968"]
[BlackElo "2075"]
[PlyCount "95"]
[EventDate "2014.??.??"]
[WhiteTeam "Tauste"]
[BlackTeam "L´Aurora Estadilla"]

1. e4 e6 2. d4 d5 3. Nc3 Nf6 4. e5 Nfd7 5. f4 c5 6. Nf3 Nc6 7. Be3 a6 8. Qd2 b5
9. Be2 Qb6 10. dxc5 Bxc5 11. Bxc5 Nxc5 12. a3 Bb7 13. Nd4 Rd8 14. Nxc6 Qxc6 15.
Bf3 Qc7 16. Qd4 O-O 17. h4 Ne4 18. Bxe4 dxe4 19. Qe3 Qc4 20. Rd1 Rxd1+ 21. Kxd1
b4 22. axb4 Qxb4 23. Kc1 Bd5 24. Nxd5 exd5 25. Rd1 Rb8 26. Qd4 Qa5 27. b3 Rb4
28. Qc3 g6 29. Rxd5 Qxd5 30. Qxb4 e3 31. Qe1 Qd4 32. c3 Qxf4 33. e6 fxe6 34.
Qe2 Qxh4 35. Qxe3 Qh1+ 36. Kb2 Qxg2+ 37. Ka3 Qc6 38. Qd4 Qd5 39. Qb6 a5 40. c4
Qe5 41. Ka4 h5 42. c5 Kf7 43. c6 Qb2 44. c7 Qa2+ 45. Kb5 Qxb3+ 46. Ka6 Qc4+ 47.
Ka7 Ke7 48. Qb7 1-0

[Event "Cto Aragón Equipos Div.  Honor F. Desce"]
[Site "Aragon"]
[Date "2014.03.22"]
[Round "9.28"]
[White "Felez Casedas, Carlos"]
[Black "Bogomilov Georgiev, Georgi Ii"]
[Result "1-0"]
[WhiteElo "2019"]
[BlackElo "1931"]
[PlyCount "107"]
[EventDate "2014.??.??"]
[WhiteTeam "L´Aurora Estadilla"]
[BlackTeam "Tauste"]

1. e4 c6 2. d4 d5 3. exd5 cxd5 4. Bd3 Nf6 5. h3 g6 6. Nf3 Bg7 7. c3 O-O 8. Bf4
Nc6 9. Nbd2 Qb6 10. Qb3 Qxb3 11. axb3 Nd7 12. Bb5 f6 13. O-O e5 14. dxe5 fxe5
15. Be3 a6 16. b4 Rb8 17. Bxc6 bxc6 18. Nb3 Rb5 19. Nc5 Nxc5 20. Bxc5 Re8 21.
Rfe1 e4 22. Nd2 Kf7 23. Nb3 g5 24. Bd4 Bxd4 25. Nxd4 Rb6 26. Nb3 Re7 27. Ra5 g4
28. hxg4 Bxg4 29. Nc5 Bc8 30. Re3 d4 31. Rxe4 Rxe4 32. Nxe4 dxc3 33. bxc3 Be6
34. Ng5+ Kf6 35. Nxh7+ Kg7 36. Ng5 Bc4 37. Rc5 Bb5 38. Ne6+ Kf6 39. Nd4 Ba4 40.
f4 Rb7 41. Kf2 Rh7 42. Nxc6 Rh4 43. Ke3 Rg4 44. Rg5 Rxg5 45. fxg5+ Kxg5 46. Nb8
Bb5 47. Kd4 Bf1 48. g3 Kg4 49. c4 a5 50. bxa5 Kxg3 51. Nc6 Bh3 52. a6 Bc8 53.
a7 Bb7 54. Nd8 1-0

[Event "Cto Aragón Equipos Div.  Honor F. Desce"]
[Site "Aragon"]
[Date "2014.03.22"]
[Round "9.29"]
[White "Gavin Roche, Enrique"]
[Black "Galve Guinea, Alejandro"]
[Result "1-0"]
[WhiteElo "2243"]
[BlackElo "2037"]
[PlyCount "92"]
[EventDate "2014.??.??"]
[WhiteTeam "ONCE CA Aragon"]
[BlackTeam "El Olivar B"]

1. d4 d5 2. c4 c6 3. cxd5 cxd5 4. Nc3 e5 5. e4 dxe4 6. Bb5+ Bd7 7. dxe5 Nc6 8.
Qd5 Bb4 9. Nge2 Nge7 10. Qxe4 O-O 11. O-O Bf5 12. Qf4 Bc2 13. Qg3 Rc8 14. Bg5
h6 15. Rac1 Bg6 16. Bf4 Qa5 17. Rfd1 Nf5 18. Qg4 h5 19. Qh3 Bxc3 20. Nxc3 Ncd4
21. Bd3 Qb4 22. Rb1 Rfd8 23. Bg5 Re8 24. Nb5 Nxb5 25. Bxf5 Bxf5 26. Qxf5 Qg4
27. Qxg4 hxg4 28. a4 Nc7 29. Rbc1 Ne6 30. Be3 a6 31. Kf1 Kh7 32. Rxc8 Rxc8 33.
Rd7 Rc4 34. Rxf7 Rxa4 35. Rxb7 Kg6 36. Bd2 Nd4 37. Rc7 Kf5 38. Ke1 Ne6 39. Rf7+
Kxe5 40. Bc3+ Ke4 41. Re7 Kd3 42. Rd7+ Ke4 43. Kd2 Ra1 44. Re7 Kd5 45. Ra7 Nc5
46. Rxg7 Ne4+ 1-0

[Event "Cto Aragón Equipos Div.  Honor F. Desce"]
[Site "Aragon"]
[Date "2014.03.22"]
[Round "9.30"]
[White "Sarto Ramos, Angel"]
[Black "Laliena Solanes, Luis"]
[Result "0-1"]
[WhiteElo "1963"]
[BlackElo "2147"]
[PlyCount "74"]
[EventDate "2014.??.??"]
[WhiteTeam "El Olivar B"]
[BlackTeam "ONCE CA Aragon"]

1. d4 Nf6 2. Nf3 c5 3. e3 cxd4 4. exd4 d5 5. Bd3 Bg4 6. Nbd2 Nc6 7. c3 e6 8. h3
Bh5 9. O-O Bd6 10. Re1 Qc7 11. Qb3 O-O 12. g4 Bg6 13. Bxg6 hxg6 14. Nf1 Rab8
15. Ng5 b5 16. a3 a5 17. Be3 b4 18. cxb4 axb4 19. Qd3 bxa3 20. bxa3 Qa5 21. Nd2
Qa4 22. Ndf3 Rb3 23. Qc2 Ra8 24. Rec1 Rb6 25. Qxa4 Rxa4 26. Ne5 Bxe5 27. dxe5
d4 28. exf6 dxe3 29. fxe3 gxf6 30. Nf3 Ne7 31. Nd2 Nd5 32. Rc4 Ra8 33. e4 Nf4
34. h4 Rb2 35. Nb1 Rd8 36. Nc3 Rdd2 37. Kf1 Rh2 0-1

[Event "Cto Aragón Equipos Div.  Honor F. Desce"]
[Site "Aragon"]
[Date "2014.03.22"]
[Round "9.31"]
[White "Latorre Abad, Fernando"]
[Black "De La Riva Fernandez, Eduardo"]
[Result "1/2-1/2"]
[WhiteElo "2069"]
[BlackElo "1965"]
[PlyCount "67"]
[EventDate "2014.??.??"]
[WhiteTeam "ONCE CA Aragon"]
[BlackTeam "El Olivar B"]

1. e4 e6 2. Qe2 c5 3. Nf3 Nc6 4. g3 Nge7 5. Bg2 Ng6 6. O-O Be7 7. c3 O-O 8. d4
d6 9. h4 e5 10. dxc5 Bg4 11. cxd6 Bxd6 12. Bg5 Nge7 13. Nbd2 h6 14. Be3 Qc7 15.
Nc4 f5 16. Nxd6 Qxd6 17. exf5 Bxf5 18. Qc4+ Kh8 19. Qc5 Qe6 20. Rfd1 Rad8 21.
Ne1 Bg4 22. Rxd8 Rxd8 23. b4 Be2 24. b5 b6 25. Qa3 Bxb5 26. Qb2 Bc4 27. a4 Nd5
28. Nc2 Bd3 29. Re1 Na5 30. Bxd5 Rxd5 31. Nb4 Nc4 32. Qc1 Rd7 33. Nxd3 Rxd3 34.
Kh2 1/2-1/2

[Event "Cto Aragón Equipos Div.  Honor F. Desce"]
[Site "Aragon"]
[Date "2014.03.22"]
[Round "9.32"]
[White "Hernandez Delgado, Gabriel"]
[Black "Cobo Garrido, Diego Israel"]
[Result "1/2-1/2"]
[WhiteElo "1931"]
[BlackElo "2045"]
[PlyCount "131"]
[EventDate "2014.??.??"]
[WhiteTeam "El Olivar B"]
[BlackTeam "ONCE CA Aragon"]

1. d4 d5 2. Nf3 Nf6 3. e3 e6 4. Nbd2 c5 5. c3 Nbd7 6. Bd3 b6 7. Ne5 Bb7 8. f4
Bd6 9. Qf3 Qe7 10. O-O h5 11. Bg6 Rf8 12. Bd3 O-O-O 13. a4 Ng4 14. Bb5 Ndxe5
15. fxe5 Bb8 16. Qe2 f6 17. h3 Nh6 18. exf6 Qc7 19. Nf3 gxf6 20. Ba6 e5 21.
Bxb7+ Kxb7 22. e4 Nf7 23. a5 c4 24. axb6 axb6 25. exd5 Rxd5 26. b3 b5 27. bxc4
Qxc4 28. Qxc4 bxc4 29. dxe5 Nxe5 30. Nd4 Rf7 31. Bf4 Kc8 32. Ra4 Rb7 33. Be3
Nd7 34. Rxc4+ Rc7 35. Rxc7+ Bxc7 36. Rf5 Be5 37. g4 hxg4 38. hxg4 Rc5 39. Ne2
Rc4 40. Bd4 Kd8 41. g5 Bxd4+ 42. cxd4 fxg5 43. Rxg5 Ra4 44. Kf2 Ra3 45. Rg7 Kc7
46. Nf4 Kd6 47. Rg6+ Ke7 48. Nd5+ Kf7 49. Rd6 Ke8 50. Re6+ Kd8 51. Ne3 Rd3 52.
d5 Nc5 53. Rd6+ Ke8 54. Ke2 Rd2+ 55. Kf3 Rf2+ 56. Kg4 Ke7 57. Rc6 Nd7 58. Re6+
Kd8 59. Kg5 Rf3 60. Nf5 Rf1 61. Nd6 Rd1 62. Nf7+ Kc7 63. Rc6+ Kb8 64. d6 Rg1+
65. Kh6 Rh1+ 66. Kg7 1/2-1/2

[Event "Cto Aragón Equipos Pref Gr I"]
[Site "Aragón"]
[Date "2014.03.22"]
[Round "9.33"]
[White "Mimbela Lopez, Luis"]
[Black "Garcia Gracia, Victor Hugo"]
[Result "1/2-1/2"]
[WhiteElo "2084"]
[BlackElo "1980"]
[PlyCount "39"]
[EventDate "2014.??.??"]
[EventRounds "9"]
[EventCountry "ESP"]
[WhiteTeam "Agrupacion B"]
[BlackTeam "Sta Isabel"]

1. d4 e6 2. Nf3 Nf6 3. e3 b6 4. Bd3 Bb7 5. O-O d5 6. Nbd2 Nbd7 7. b3 Bd6 8. Bb2
O-O 9. Ne5 Ne4 10. f3 Nxd2 11. Qxd2 c5 12. c4 cxd4 13. exd4 Nxe5 14. dxe5 Bc5+
15. Kh1 dxc4 16. bxc4 Qh4 17. Rad1 Rfd8 18. Qe2 Rac8 19. g3 Qe7 20. Be4 1/2-1/2

[Event "Cto Aragón Equipos Pref Gr I"]
[Site "Aragón"]
[Date "2014.03.22"]
[Round "9.34"]
[White "Diaz Boils, Ximo"]
[Black "Navarro Sancho, Rafael"]
[Result "1/2-1/2"]
[WhiteElo "1975"]
[BlackElo "1757"]
[PlyCount "79"]
[EventDate "2014.??.??"]
[EventRounds "9"]
[EventCountry "ESP"]
[WhiteTeam "Sta Isabel"]
[BlackTeam "Agrupacion B"]

1. e4 g6 2. d4 Bg7 3. c4 d6 4. Nc3 Nc6 5. d5 Nd4 6. Be3 c5 7. h3 f5 8. Bd3 Nh6
9. Qd2 Nf7 10. f4 fxe4 11. Bxe4 Nf5 12. Bf2 Qa5 13. Nge2 Qb6 14. O-O O-O 15.
Kh2 Bd7 16. Rab1 a5 17. g4 Nd4 18. Nxd4 cxd4 19. Ne2 Qb4 20. Qd3 Rac8 21. b3 b5
22. Rfc1 Qa3 23. Bxd4 bxc4 24. bxc4 Qxd3 25. Bxd3 Rb8 26. Bxg7 Kxg7 27. Nd4 g5
28. Bf5 Bxf5 29. Nxf5+ Kf6 30. Kg3 gxf4+ 31. Kxf4 Ne5 32. Rxb8 Rxb8 33. Rc2 Rb1
34. Ne3 Nd3+ 35. Kf3 a4 36. Rd2 Nc5 37. Kf4 e6 38. g5+ Kf7 39. Nd1 Rc1 40. Ne3
1/2-1/2